A Level Computing - Databases Key Terms - Statistics

General Stats
  • This quiz has been taken 102 times
    101 since last reset
  • The average score is 4 of 13
Answer Stats
Question Answer % Correct
What does the A stand for in ACID? Atomicity
68%
What does the D stand for in ACID? Durability
57%
What does the I stand for in ACID? Isolation
55%
What does the C stand for in ACID? Consistency
51%
What does the C stand for in CRUD? Create
45%
What does the D stand for in CRUD? Delete
42%
What does the R stand for in CRUD? Read
38%
What does the U stand for in CRUD? Update
38%
What prevents the simultaneous editing of a record by two different users? Record locking
22%
What is cascading delete a good example of? Referential integrity
13%
What term refers to the managing of an input to a database? Transaction processing
7%
What term refers to the prevention of incomplete transactions causing data corruption? Data integrity
6%
Why is data redundancy bad? Waste of space
6%
No matching quizzes found
Score Distribution
Percent of People with Each Score
Percentile by Number Answered
Your Score History
You have not taken this quiz since the last reset